000 00763cam a2200277 4500
005 20260322212018.0
008 data
010 _a 73084316
040 _aDLC
_cDLC
_dDLC
043 _an-usp--
050 0 0 _aHE2751
_b.T55 1973
082 0 0 _a385/.0978
092 _a385 T55 1973
245 0 4 _aThe railroaders.
_cedited by Time-Life Books & Keith Wheeler.
260 _aNew York,
_bTime-Life Books
_c[1973]
300 _a240 p.
_billus.
_c29 cm.
490 1 _aThe Old West
504 _aBibliography: p. 236-237.
650 0 _aPacific railroads
_xHistory.
650 0 _aRailroads
_zWest (U.S.)
_xHistory.
651 0 _aWest (U.S.)
_xHistory.
700 1 _aWheeler, Keith.
710 2 _aTime-Life Books.
830 0 _aOld West (Alexandria, Va.)
001 data
999 _c387
_d387